Kmeny : [současné městské subkultury / autoři projektu Vladimir 518, Karel Veselý ; fotografie Tomáš Souček]
Publikace prostřednictvím rozhovorů, textů a barevných fotografií přibližuje vizuální styl, myšlenkové zázemí, minulost i současnost českých městských subkultur (hackeři, emo, milovníci tetování, skindeads, motorkáři a mnozí další).
Record details
- ISBN: 978-80-903973-2-3
- ISBN: 978-80-904735-3-9
- Physical Description: 517 s. : barev. il., portréty ; 27 cm
- Edition: 1. vyd.
- Publisher: V Praze : Bigg Boss & Yinachi, 2011
Content descriptions
| General Note: | Rozložená tit. s. 2. dotisk v r. 2014 V prelimináriích uvedeno: BU2R, Budweiser Urban Projects; součást projektu Czech Original Fashion |
Search for related items by subject
| Subject: | subkultury > Česko > 20.-21. stol. subcultures > Czechia > 20th-21st centuries |
| Genre: | přehledy rozhovory fotografické publikace surveys interviews photographical works |
Available copies
- 1 of 1 copy available at Common Catalog SPOK.
Holds
- 0 current holds with 1 total copy.
Show Only Available Copies
| Location | Call Number / Copy Notes | Barcode | Shelving Location | Status | Due Date |
|---|---|---|---|---|---|
| Jabok Library | Soc-4.5 | 424480036114 | Odborná literatura | Available | - |
| LDR | 04805nam a2201237 4500 | ||
|---|---|---|---|
| 001 | 19334 | ||
| 003 | CZ-PrJAB | ||
| 005 | 20150120094239.0 | ||
| 007 | ta | ||
| 008 | 140717s2011 xr ac e 000 0ccze | ||
| 015 | . | ‡acnb002225818 | |
| 020 | . | ‡a978-80-903973-2-3 ‡q(Big Boss : ‡qbrož.) | |
| 020 | . | ‡a978-80-904735-3-9 ‡q(Yinachi : ‡qbrož.) : ‡cKč 899.00 | |
| 035 | . | ‡a(CZ PrSKC)KN3163000000120000 | |
| 035 | . | ‡a(OCoLC)776503367 | |
| 040 | . | ‡aTUG001 ‡bcze ‡dABA100 | |
| 043 | . | ‡ae-xr--- | |
| 045 | . | ‡ax-y- | |
| 072 | 7. | ‡a316.7 ‡xSociologie kultury. Kulturní život ‡2Konspekt ‡91 | |
| 080 | . | ‡a316.723 ‡2MRF | |
| 080 | . | ‡a(437.3) ‡2MRF | |
| 080 | . | ‡a(048.8) ‡2MRF | |
| 080 | . | ‡a(047.53) ‡2MRF | |
| 080 | . | ‡a(084.12) ‡2MRF | |
| 100 | 0 | . | ‡aVladimir 518, ‡d1978- ‡7xx0027997 ‡4aut |
| 245 | 1 | 0. | ‡aKmeny : ‡b[současné městské subkultury / ‡cautoři projektu Vladimir 518, Karel Veselý ; fotografie Tomáš Souček] |
| 246 | 3 | . | ‡aKmeny - současné městské subkultury |
| 246 | 3 | 0. | ‡aSoučasné městské subkultury |
| 250 | . | ‡a1. vyd. | |
| 260 | . | ‡aV Praze : ‡bBigg Boss & Yinachi, ‡c2011 | |
| 300 | . | ‡a517 s. : ‡bbarev. il., portréty ; ‡c27 cm | |
| 500 | . | ‡aRozložená tit. s. | |
| 500 | . | ‡a2. dotisk v r. 2014 | |
| 500 | . | ‡aV prelimináriích uvedeno: BU2R, Budweiser Urban Projects; součást projektu Czech Original Fashion | |
| 520 | . | ‡aPublikace prostřednictvím rozhovorů, textů a barevných fotografií přibližuje vizuální styl, myšlenkové zázemí, minulost i současnost českých městských subkultur (hackeři, emo, milovníci tetování, skindeads, motorkáři a mnozí další). | |
| 648 | 7. | ‡a20.-21. stol. ‡7ch462155 ‡2czenas | |
| 650 | 0 | 7. | ‡asubkultury ‡7ph137977 ‡zČesko ‡y20.-21. stol. ‡2czenas |
| 650 | 0 | 9. | ‡asubcultures ‡zCzechia ‡y20th-21st centuries ‡2eczenas |
| 655 | 7. | ‡apřehledy ‡7fd133202 ‡2czenas | |
| 655 | 7. | ‡arozhovory ‡7fd133303 ‡2czenas | |
| 655 | 7. | ‡afotografické publikace ‡7fd132276 ‡2czenas | |
| 655 | 9. | ‡asurveys ‡2eczenas | |
| 655 | 9. | ‡ainterviews ‡2eczenas | |
| 655 | 9. | ‡aphotographical works ‡2eczenas | |
| 700 | 1 | . | ‡aVeselý, Karel, ‡d1976- ‡7xx0131819 ‡4aut ‡4edt |
| 700 | 1 | . | ‡aSouček, Tomáš, ‡d1975- ‡7jx20110525011 ‡4pht |
| 910 | . | ‡aABG312 | |
| 901 | . | ‡a19334 ‡b ‡c19334 ‡tbiblio | |